Statistics for Flags with the most ...

Click here to take the quiz!

General Stats

  • This quiz has been taken 35 times
  • The average score is 3 of 11

Answer Stats

HintAnswer% Correct
StarsUnited States
97%
SidesNepal
45%
StripesMalaysia
36%
HumansBelize
21%
WhiteCyprus
21%
ColoursMexico
15%
Other FlagsNorway
12%
PinkSpain
12%
Moon percentagePalau
6%
CountriesChad/Romania
3%
Animals (includes humans)Malta
3%

Score Distribution

Percentile by Number Answered

Percent of People with Each Score

Your Score History

You have not taken this quiz